Liste des noms de Pokémon contenant un Q - Statistiques

Statistiques générales
  • Ce quiz a été pris 41 fois
  • Le résultat moyen est 8 sur 22
Statistiques - réponses
Pokémon % Correct
Qulbutoké
94%
Qwilfish
89%
Qwilpik
83%
Queulorior
78%
Quartermac
50%
Aquali
33%
Nidoqueen
33%
Rayquaza
33%
Taupiqueur
33%
Coquiperl
28%
Crabaraque
28%
Mimiqui
28%
Araqua
22%
Blindépique
22%
Crabicoque
22%
Otaquin
22%
Sucroquin
22%
Croquine
17%
Saquedeneu
17%
Hurle-Queue
11%
M. Glaquette
11%
Coxyclaque
6%
Aucun quiz correspondant
Distribution des résultats
% des personnes avec chaque résultat
Percentile par nombre de réponses
Votre historique - résultats
Vous n’avez pas pris ce quiz